<?xml version="1.0" encoding="UTF-8"?>
<record
    xmlns:xsi="http://www.w3.org/2001/XMLSchema-instance"
    xsi:schemaLocation="http://www.loc.gov/MARC21/slim http://www.loc.gov/standards/marcxml/schema/MARC21slim.xsd"
    xmlns="http://www.loc.gov/MARC21/slim">

  <leader>00573nam a22002057a 4500</leader>
  <controlfield tag="003">3228</controlfield>
  <controlfield tag="005">20251023100814.0</controlfield>
  <controlfield tag="008">221024b        sa ||||| |||| 00| 0 eng d</controlfield>
  <datafield tag="020" ind1=" " ind2=" ">
    <subfield code="a">9781775611851 (Paperback)</subfield>
  </datafield>
  <datafield tag="040" ind1=" " ind2=" ">
    <subfield code="c">3228</subfield>
    <subfield code="a">MPL</subfield>
    <subfield code="b">Eng</subfield>
    <subfield code="d">rda</subfield>
  </datafield>
  <datafield tag="082" ind1=" " ind2=" ">
    <subfield code="a">EKF MOST</subfield>
  </datafield>
  <datafield tag="100" ind1=" " ind2=" ">
    <subfield code="a">Mostert, Tim</subfield>
  </datafield>
  <datafield tag="245" ind1=" " ind2=" ">
    <subfield code="a">Let`s save water /</subfield>
    <subfield code="c">Mostert, Tim</subfield>
  </datafield>
  <datafield tag="260" ind1=" " ind2=" ">
    <subfield code="a">Centurion, South Africa;</subfield>
    <subfield code="b">Qualibooks,</subfield>
    <subfield code="c">&#xA9;2018</subfield>
  </datafield>
  <datafield tag="300" ind1=" " ind2=" ">
    <subfield code="a">21 cm:</subfield>
    <subfield code="b">Illustration, Coloured;</subfield>
    <subfield code="c">21 cm</subfield>
  </datafield>
  <datafield tag="521" ind1=" " ind2=" ">
    <subfield code="a">Kids</subfield>
  </datafield>
  <datafield tag="942" ind1=" " ind2=" ">
    <subfield code="2">ddc</subfield>
    <subfield code="c">BOOK</subfield>
    <subfield code="y">164</subfield>
    <subfield code="z">Cyprian Zikalala</subfield>
  </datafield>
  <datafield tag="942" ind1=" " ind2=" ">
    <subfield code="2">ddc</subfield>
    <subfield code="c">BOOK</subfield>
  </datafield>
  <datafield tag="942" ind1=" " ind2=" ">
    <subfield code="2">ddc</subfield>
    <subfield code="c">BOOK</subfield>
    <subfield code="h">EKF MOST</subfield>
  </datafield>
  <datafield tag="999" ind1=" " ind2=" ">
    <subfield code="c">736330</subfield>
    <subfield code="d">736329</subfield>
  </datafield>
  <datafield tag="952" ind1=" " ind2=" ">
    <subfield code="0">0</subfield>
    <subfield code="1">0</subfield>
    <subfield code="2">ddc</subfield>
    <subfield code="4">0</subfield>
    <subfield code="7">0</subfield>
    <subfield code="8">F</subfield>
    <subfield code="a">KWAML</subfield>
    <subfield code="b">VEREL</subfield>
    <subfield code="c">CHILD</subfield>
    <subfield code="d">2022-10-24</subfield>
    <subfield code="l">0</subfield>
    <subfield code="o">EKF MOST</subfield>
    <subfield code="p">33228031022743</subfield>
    <subfield code="r">2022-10-24</subfield>
    <subfield code="w">2022-10-24</subfield>
    <subfield code="y">BOOK</subfield>
  </datafield>
  <datafield tag="952" ind1=" " ind2=" ">
    <subfield code="0">0</subfield>
    <subfield code="1">0</subfield>
    <subfield code="2">ddc</subfield>
    <subfield code="4">0</subfield>
    <subfield code="7">0</subfield>
    <subfield code="a">LYDEL</subfield>
    <subfield code="b">LEROL</subfield>
    <subfield code="d">2022-10-25</subfield>
    <subfield code="o">EJF MOST</subfield>
    <subfield code="p">33228031030478</subfield>
    <subfield code="r">2022-10-25</subfield>
    <subfield code="w">2022-10-25</subfield>
    <subfield code="y">BOOK</subfield>
  </datafield>
  <datafield tag="952" ind1=" " ind2=" ">
    <subfield code="0">0</subfield>
    <subfield code="1">0</subfield>
    <subfield code="2">ddc</subfield>
    <subfield code="4">0</subfield>
    <subfield code="7">0</subfield>
    <subfield code="8">F</subfield>
    <subfield code="a">STANRL</subfield>
    <subfield code="b">EVANL</subfield>
    <subfield code="c">CHILD</subfield>
    <subfield code="d">2023-09-27</subfield>
    <subfield code="g">170.00</subfield>
    <subfield code="o">EKF MOST</subfield>
    <subfield code="p">33228031153732</subfield>
    <subfield code="r">2023-09-27</subfield>
    <subfield code="w">2023-09-27</subfield>
    <subfield code="y">BOOK</subfield>
  </datafield>
  <datafield tag="952" ind1=" " ind2=" ">
    <subfield code="0">0</subfield>
    <subfield code="1">0</subfield>
    <subfield code="2">ddc</subfield>
    <subfield code="4">0</subfield>
    <subfield code="7">0</subfield>
    <subfield code="a">LYDEL</subfield>
    <subfield code="b">MPSTL</subfield>
    <subfield code="c">FIC</subfield>
    <subfield code="d">2025-03-13</subfield>
    <subfield code="l">0</subfield>
    <subfield code="o">EKF MOST</subfield>
    <subfield code="p">33228031103600</subfield>
    <subfield code="r">2025-03-13</subfield>
    <subfield code="w">2025-03-13</subfield>
    <subfield code="y">BOOK</subfield>
  </datafield>
  <datafield tag="952" ind1=" " ind2=" ">
    <subfield code="0">0</subfield>
    <subfield code="1">0</subfield>
    <subfield code="2">ddc</subfield>
    <subfield code="4">0</subfield>
    <subfield code="7">0</subfield>
    <subfield code="a">LYDEL</subfield>
    <subfield code="b">LEROL</subfield>
    <subfield code="d">2025-04-30</subfield>
    <subfield code="l">0</subfield>
    <subfield code="o">EKF MOST</subfield>
    <subfield code="p">3322803184923</subfield>
    <subfield code="r">2025-04-30</subfield>
    <subfield code="w">2025-04-30</subfield>
    <subfield code="y">BOOK</subfield>
  </datafield>
  <datafield tag="952" ind1=" " ind2=" ">
    <subfield code="0">0</subfield>
    <subfield code="1">0</subfield>
    <subfield code="2">ddc</subfield>
    <subfield code="4">0</subfield>
    <subfield code="7">0</subfield>
    <subfield code="8">F</subfield>
    <subfield code="a">KWAML</subfield>
    <subfield code="b">THEML</subfield>
    <subfield code="c">CHILD</subfield>
    <subfield code="d">2025-08-19</subfield>
    <subfield code="o">EKF MOST</subfield>
    <subfield code="p">33228031084064</subfield>
    <subfield code="r">2025-08-19</subfield>
    <subfield code="w">2025-08-19</subfield>
    <subfield code="y">BOOK</subfield>
  </datafield>
  <datafield tag="952" ind1=" " ind2=" ">
    <subfield code="0">0</subfield>
    <subfield code="1">0</subfield>
    <subfield code="2">ddc</subfield>
    <subfield code="4">0</subfield>
    <subfield code="7">0</subfield>
    <subfield code="8">F</subfield>
    <subfield code="a">KWAML</subfield>
    <subfield code="b">THEML</subfield>
    <subfield code="c">CHILD</subfield>
    <subfield code="d">2025-08-19</subfield>
    <subfield code="o">EKF MOST</subfield>
    <subfield code="p">33228031084065</subfield>
    <subfield code="r">2025-08-19</subfield>
    <subfield code="w">2025-08-19</subfield>
    <subfield code="y">BOOK</subfield>
  </datafield>
  <datafield tag="952" ind1=" " ind2=" ">
    <subfield code="0">0</subfield>
    <subfield code="1">0</subfield>
    <subfield code="2">ddc</subfield>
    <subfield code="4">0</subfield>
    <subfield code="7">0</subfield>
    <subfield code="8">F</subfield>
    <subfield code="a">KWAML</subfield>
    <subfield code="b">THEML</subfield>
    <subfield code="c">CHILD</subfield>
    <subfield code="d">2025-08-19</subfield>
    <subfield code="o">EKF MOST</subfield>
    <subfield code="p">33228031084066</subfield>
    <subfield code="r">2025-08-19</subfield>
    <subfield code="w">2025-08-19</subfield>
    <subfield code="y">BOOK</subfield>
  </datafield>
  <datafield tag="952" ind1=" " ind2=" ">
    <subfield code="0">0</subfield>
    <subfield code="1">0</subfield>
    <subfield code="2">ddc</subfield>
    <subfield code="4">0</subfield>
    <subfield code="7">0</subfield>
    <subfield code="8">F</subfield>
    <subfield code="a">KWAML</subfield>
    <subfield code="b">THEML</subfield>
    <subfield code="c">CHILD</subfield>
    <subfield code="d">2025-08-19</subfield>
    <subfield code="o">EKF MOST</subfield>
    <subfield code="p">33228031084067</subfield>
    <subfield code="r">2025-08-19</subfield>
    <subfield code="w">2025-08-19</subfield>
    <subfield code="y">BOOK</subfield>
  </datafield>
  <datafield tag="952" ind1=" " ind2=" ">
    <subfield code="0">0</subfield>
    <subfield code="1">0</subfield>
    <subfield code="2">ddc</subfield>
    <subfield code="4">0</subfield>
    <subfield code="7">0</subfield>
    <subfield code="8">F</subfield>
    <subfield code="a">KWAML</subfield>
    <subfield code="b">THEML</subfield>
    <subfield code="c">CHILD</subfield>
    <subfield code="d">2025-08-19</subfield>
    <subfield code="o">EKF MOST</subfield>
    <subfield code="p">33228031084068</subfield>
    <subfield code="r">2025-08-19</subfield>
    <subfield code="w">2025-08-19</subfield>
    <subfield code="y">BOOK</subfield>
  </datafield>
  <datafield tag="952" ind1=" " ind2=" ">
    <subfield code="0">0</subfield>
    <subfield code="1">0</subfield>
    <subfield code="2">ddc</subfield>
    <subfield code="4">0</subfield>
    <subfield code="7">0</subfield>
    <subfield code="a">MASHML</subfield>
    <subfield code="b">MASHML</subfield>
    <subfield code="d">2025-09-17</subfield>
    <subfield code="l">0</subfield>
    <subfield code="o">EKF MOST</subfield>
    <subfield code="p">3228200024137</subfield>
    <subfield code="r">2025-09-17</subfield>
    <subfield code="w">2025-09-17</subfield>
    <subfield code="y">BOOK</subfield>
  </datafield>
  <datafield tag="952" ind1=" " ind2=" ">
    <subfield code="0">0</subfield>
    <subfield code="1">0</subfield>
    <subfield code="2">ddc</subfield>
    <subfield code="4">0</subfield>
    <subfield code="7">0</subfield>
    <subfield code="8">F</subfield>
    <subfield code="a">KWAML</subfield>
    <subfield code="b">VEREL</subfield>
    <subfield code="c">CHILD</subfield>
    <subfield code="d">2025-09-22</subfield>
    <subfield code="l">0</subfield>
    <subfield code="o">EKF MOST</subfield>
    <subfield code="p">33228024465146</subfield>
    <subfield code="r">2025-09-22</subfield>
    <subfield code="w">2025-09-22</subfield>
    <subfield code="y">BOOK</subfield>
  </datafield>
  <datafield tag="952" ind1=" " ind2=" ">
    <subfield code="0">0</subfield>
    <subfield code="1">0</subfield>
    <subfield code="2">ddc</subfield>
    <subfield code="4">0</subfield>
    <subfield code="7">0</subfield>
    <subfield code="8">F</subfield>
    <subfield code="a">KWAML</subfield>
    <subfield code="b">VEREL</subfield>
    <subfield code="c">CHILD</subfield>
    <subfield code="d">2025-09-22</subfield>
    <subfield code="l">0</subfield>
    <subfield code="o">EKF MOST</subfield>
    <subfield code="p">9781775611851</subfield>
    <subfield code="r">2025-09-22</subfield>
    <subfield code="w">2025-09-22</subfield>
    <subfield code="y">BOOK</subfield>
  </datafield>
  <datafield tag="952" ind1=" " ind2=" ">
    <subfield code="0">0</subfield>
    <subfield code="1">0</subfield>
    <subfield code="2">ddc</subfield>
    <subfield code="4">0</subfield>
    <subfield code="7">0</subfield>
    <subfield code="8">F</subfield>
    <subfield code="a">KWAML</subfield>
    <subfield code="b">VEREL</subfield>
    <subfield code="c">CHILD</subfield>
    <subfield code="d">2025-09-22</subfield>
    <subfield code="l">0</subfield>
    <subfield code="o">EKF MOST</subfield>
    <subfield code="p">33228024465187</subfield>
    <subfield code="r">2025-09-22</subfield>
    <subfield code="w">2025-09-22</subfield>
    <subfield code="y">BOOK</subfield>
  </datafield>
  <datafield tag="952" ind1=" " ind2=" ">
    <subfield code="0">0</subfield>
    <subfield code="1">0</subfield>
    <subfield code="2">ddc</subfield>
    <subfield code="4">0</subfield>
    <subfield code="7">0</subfield>
    <subfield code="8">F</subfield>
    <subfield code="a">KWAML</subfield>
    <subfield code="b">VEREL</subfield>
    <subfield code="c">FIC</subfield>
    <subfield code="d">2025-09-22</subfield>
    <subfield code="l">0</subfield>
    <subfield code="o">EKF MOST</subfield>
    <subfield code="p">33228024465195</subfield>
    <subfield code="r">2025-09-22</subfield>
    <subfield code="w">2025-09-22</subfield>
    <subfield code="y">BOOK</subfield>
  </datafield>
  <datafield tag="952" ind1=" " ind2=" ">
    <subfield code="0">0</subfield>
    <subfield code="1">0</subfield>
    <subfield code="2">ddc</subfield>
    <subfield code="4">0</subfield>
    <subfield code="7">0</subfield>
    <subfield code="8">F</subfield>
    <subfield code="a">KWAML</subfield>
    <subfield code="b">VEREL</subfield>
    <subfield code="c">CHILD</subfield>
    <subfield code="d">2025-09-22</subfield>
    <subfield code="l">0</subfield>
    <subfield code="o">EKF MOST</subfield>
    <subfield code="p">33228024465203</subfield>
    <subfield code="r">2025-09-22</subfield>
    <subfield code="w">2025-09-22</subfield>
    <subfield code="y">BOOK</subfield>
  </datafield>
  <datafield tag="952" ind1=" " ind2=" ">
    <subfield code="0">0</subfield>
    <subfield code="1">0</subfield>
    <subfield code="2">ddc</subfield>
    <subfield code="4">0</subfield>
    <subfield code="7">0</subfield>
    <subfield code="8">F</subfield>
    <subfield code="a">KWAML</subfield>
    <subfield code="b">LOOPL</subfield>
    <subfield code="c">CHILD</subfield>
    <subfield code="d">2025-09-25</subfield>
    <subfield code="l">0</subfield>
    <subfield code="o">EKF MOST</subfield>
    <subfield code="p">33228031083582</subfield>
    <subfield code="r">2025-09-25</subfield>
    <subfield code="w">2025-09-25</subfield>
    <subfield code="y">BOOK</subfield>
  </datafield>
  <datafield tag="952" ind1=" " ind2=" ">
    <subfield code="0">0</subfield>
    <subfield code="1">0</subfield>
    <subfield code="2">ddc</subfield>
    <subfield code="4">0</subfield>
    <subfield code="7">0</subfield>
    <subfield code="8">F</subfield>
    <subfield code="a">KWAML</subfield>
    <subfield code="b">LOOPL</subfield>
    <subfield code="c">CHILD</subfield>
    <subfield code="d">2025-09-25</subfield>
    <subfield code="l">0</subfield>
    <subfield code="o">EKF MOST</subfield>
    <subfield code="p">33228031083583</subfield>
    <subfield code="r">2025-09-25</subfield>
    <subfield code="w">2025-09-25</subfield>
    <subfield code="y">BOOK</subfield>
  </datafield>
  <datafield tag="952" ind1=" " ind2=" ">
    <subfield code="0">0</subfield>
    <subfield code="1">0</subfield>
    <subfield code="2">ddc</subfield>
    <subfield code="4">0</subfield>
    <subfield code="7">0</subfield>
    <subfield code="8">F</subfield>
    <subfield code="a">KWAML</subfield>
    <subfield code="b">LOOPL</subfield>
    <subfield code="c">CHILD</subfield>
    <subfield code="d">2025-09-25</subfield>
    <subfield code="l">0</subfield>
    <subfield code="o">EKF MOST</subfield>
    <subfield code="p">33228031083584</subfield>
    <subfield code="r">2025-09-25</subfield>
    <subfield code="w">2025-09-25</subfield>
    <subfield code="y">BOOK</subfield>
  </datafield>
  <datafield tag="952" ind1=" " ind2=" ">
    <subfield code="0">0</subfield>
    <subfield code="1">0</subfield>
    <subfield code="2">ddc</subfield>
    <subfield code="4">0</subfield>
    <subfield code="7">0</subfield>
    <subfield code="8">F</subfield>
    <subfield code="a">KWAML</subfield>
    <subfield code="b">LOOPL</subfield>
    <subfield code="c">CHILD</subfield>
    <subfield code="d">2025-09-25</subfield>
    <subfield code="l">0</subfield>
    <subfield code="o">EKF MOST</subfield>
    <subfield code="p">33228031083585</subfield>
    <subfield code="r">2025-09-25</subfield>
    <subfield code="w">2025-09-25</subfield>
    <subfield code="y">BOOK</subfield>
  </datafield>
  <datafield tag="952" ind1=" " ind2=" ">
    <subfield code="0">0</subfield>
    <subfield code="1">0</subfield>
    <subfield code="2">ddc</subfield>
    <subfield code="4">0</subfield>
    <subfield code="7">0</subfield>
    <subfield code="8">F</subfield>
    <subfield code="a">KWAML</subfield>
    <subfield code="b">LOOPL</subfield>
    <subfield code="c">CHILD</subfield>
    <subfield code="d">2025-09-25</subfield>
    <subfield code="l">0</subfield>
    <subfield code="o">EKF MOST</subfield>
    <subfield code="p">33228031083586</subfield>
    <subfield code="r">2025-09-25</subfield>
    <subfield code="w">2025-09-25</subfield>
    <subfield code="y">BOOK</subfield>
  </datafield>
  <datafield tag="952" ind1=" " ind2=" ">
    <subfield code="0">0</subfield>
    <subfield code="1">0</subfield>
    <subfield code="2">ddc</subfield>
    <subfield code="4">0</subfield>
    <subfield code="7">0</subfield>
    <subfield code="a">MASHML</subfield>
    <subfield code="b">MASHML</subfield>
    <subfield code="d">2025-09-26</subfield>
    <subfield code="l">0</subfield>
    <subfield code="o">EKF MOST</subfield>
    <subfield code="p">3228200024139</subfield>
    <subfield code="r">2025-09-26</subfield>
    <subfield code="w">2025-09-26</subfield>
    <subfield code="y">BOOK</subfield>
  </datafield>
  <datafield tag="952" ind1=" " ind2=" ">
    <subfield code="0">0</subfield>
    <subfield code="1">0</subfield>
    <subfield code="2">ddc</subfield>
    <subfield code="4">0</subfield>
    <subfield code="7">0</subfield>
    <subfield code="8">F</subfield>
    <subfield code="a">KWAML</subfield>
    <subfield code="b">LIBAL</subfield>
    <subfield code="c">FIC</subfield>
    <subfield code="d">2025-10-06</subfield>
    <subfield code="g">72.00</subfield>
    <subfield code="l">0</subfield>
    <subfield code="o">EKF MOST</subfield>
    <subfield code="p">33228024460675</subfield>
    <subfield code="r">2025-10-06</subfield>
    <subfield code="w">2025-10-06</subfield>
    <subfield code="y">BOOK</subfield>
  </datafield>
  <datafield tag="952" ind1=" " ind2=" ">
    <subfield code="0">0</subfield>
    <subfield code="1">0</subfield>
    <subfield code="2">ddc</subfield>
    <subfield code="4">0</subfield>
    <subfield code="7">0</subfield>
    <subfield code="8">F</subfield>
    <subfield code="a">KWAML</subfield>
    <subfield code="b">LIBAL</subfield>
    <subfield code="c">FIC</subfield>
    <subfield code="d">2025-10-06</subfield>
    <subfield code="g">72.00</subfield>
    <subfield code="l">0</subfield>
    <subfield code="o">EKF MOST</subfield>
    <subfield code="p">33228024460550</subfield>
    <subfield code="r">2025-10-06</subfield>
    <subfield code="w">2025-10-06</subfield>
    <subfield code="y">BOOK</subfield>
  </datafield>
  <datafield tag="952" ind1=" " ind2=" ">
    <subfield code="0">0</subfield>
    <subfield code="1">0</subfield>
    <subfield code="2">ddc</subfield>
    <subfield code="4">0</subfield>
    <subfield code="7">0</subfield>
    <subfield code="8">F</subfield>
    <subfield code="a">KWAML</subfield>
    <subfield code="b">LIBAL</subfield>
    <subfield code="c">FIC</subfield>
    <subfield code="d">2025-10-06</subfield>
    <subfield code="g">72.00</subfield>
    <subfield code="l">0</subfield>
    <subfield code="o">EKF MOST</subfield>
    <subfield code="p">33228024460725</subfield>
    <subfield code="r">2025-10-06</subfield>
    <subfield code="w">2025-10-06</subfield>
    <subfield code="y">BOOK</subfield>
  </datafield>
  <datafield tag="952" ind1=" " ind2=" ">
    <subfield code="0">0</subfield>
    <subfield code="1">0</subfield>
    <subfield code="2">ddc</subfield>
    <subfield code="4">0</subfield>
    <subfield code="7">0</subfield>
    <subfield code="8">F</subfield>
    <subfield code="a">KWAML</subfield>
    <subfield code="b">LIBAL</subfield>
    <subfield code="c">FIC</subfield>
    <subfield code="d">2025-10-06</subfield>
    <subfield code="g">72.00</subfield>
    <subfield code="l">0</subfield>
    <subfield code="o">EKF MOST</subfield>
    <subfield code="p">33228024460667</subfield>
    <subfield code="r">2025-10-06</subfield>
    <subfield code="w">2025-10-06</subfield>
    <subfield code="y">BOOK</subfield>
  </datafield>
  <datafield tag="952" ind1=" " ind2=" ">
    <subfield code="0">0</subfield>
    <subfield code="1">0</subfield>
    <subfield code="2">ddc</subfield>
    <subfield code="4">0</subfield>
    <subfield code="7">0</subfield>
    <subfield code="8">F</subfield>
    <subfield code="a">KWAML</subfield>
    <subfield code="b">LIBAL</subfield>
    <subfield code="c">FIC</subfield>
    <subfield code="d">2025-10-06</subfield>
    <subfield code="g">72.00</subfield>
    <subfield code="l">0</subfield>
    <subfield code="o">EKF MOST</subfield>
    <subfield code="p">33228024460568</subfield>
    <subfield code="r">2025-10-06</subfield>
    <subfield code="w">2025-10-06</subfield>
    <subfield code="y">BOOK</subfield>
  </datafield>
  <datafield tag="952" ind1=" " ind2=" ">
    <subfield code="0">0</subfield>
    <subfield code="1">0</subfield>
    <subfield code="2">ddc</subfield>
    <subfield code="4">0</subfield>
    <subfield code="7">0</subfield>
    <subfield code="8">F</subfield>
    <subfield code="a">KWAML</subfield>
    <subfield code="b">LIBAL</subfield>
    <subfield code="c">FIC</subfield>
    <subfield code="d">2025-10-06</subfield>
    <subfield code="g">72.00</subfield>
    <subfield code="l">0</subfield>
    <subfield code="o">EKF MOST</subfield>
    <subfield code="p">33228024460733</subfield>
    <subfield code="r">2025-10-06</subfield>
    <subfield code="w">2025-10-06</subfield>
    <subfield code="y">BOOK</subfield>
  </datafield>
  <datafield tag="952" ind1=" " ind2=" ">
    <subfield code="0">0</subfield>
    <subfield code="1">0</subfield>
    <subfield code="2">ddc</subfield>
    <subfield code="4">0</subfield>
    <subfield code="7">0</subfield>
    <subfield code="a">LYDBL</subfield>
    <subfield code="b">LYDBL</subfield>
    <subfield code="d">2025-10-23</subfield>
    <subfield code="l">0</subfield>
    <subfield code="o">EKF MOST</subfield>
    <subfield code="p">3322803184209</subfield>
    <subfield code="r">2025-10-23</subfield>
    <subfield code="w">2025-10-23</subfield>
    <subfield code="y">BOOK</subfield>
  </datafield>
  <datafield tag="952" ind1=" " ind2=" ">
    <subfield code="0">0</subfield>
    <subfield code="1">0</subfield>
    <subfield code="2">ddc</subfield>
    <subfield code="4">0</subfield>
    <subfield code="7">0</subfield>
    <subfield code="8">F</subfield>
    <subfield code="a">SILIL</subfield>
    <subfield code="b">SILIL</subfield>
    <subfield code="c">CHILD</subfield>
    <subfield code="d">2026-05-21</subfield>
    <subfield code="g">72.00</subfield>
    <subfield code="l">0</subfield>
    <subfield code="o">EKF MOST</subfield>
    <subfield code="p">3322803173917</subfield>
    <subfield code="r">2026-05-21</subfield>
    <subfield code="w">2026-05-21</subfield>
    <subfield code="y">BOOK</subfield>
  </datafield>
  <datafield tag="952" ind1=" " ind2=" ">
    <subfield code="0">0</subfield>
    <subfield code="1">0</subfield>
    <subfield code="2">ddc</subfield>
    <subfield code="4">0</subfield>
    <subfield code="7">0</subfield>
    <subfield code="8">F</subfield>
    <subfield code="a">SILIL</subfield>
    <subfield code="b">SILIL</subfield>
    <subfield code="c">CHILD</subfield>
    <subfield code="d">2026-05-21</subfield>
    <subfield code="g">72.00</subfield>
    <subfield code="l">0</subfield>
    <subfield code="o">EKF MOST</subfield>
    <subfield code="p">3322803173916</subfield>
    <subfield code="r">2026-05-21</subfield>
    <subfield code="w">2026-05-21</subfield>
    <subfield code="y">BOOK</subfield>
  </datafield>
  <datafield tag="952" ind1=" " ind2=" ">
    <subfield code="0">0</subfield>
    <subfield code="1">0</subfield>
    <subfield code="2">ddc</subfield>
    <subfield code="4">0</subfield>
    <subfield code="7">0</subfield>
    <subfield code="8">F</subfield>
    <subfield code="a">STANRL</subfield>
    <subfield code="b">THISL</subfield>
    <subfield code="c">CHILD</subfield>
    <subfield code="d">2026-06-19</subfield>
    <subfield code="l">0</subfield>
    <subfield code="o">EJF MOST</subfield>
    <subfield code="p">3228200065691</subfield>
    <subfield code="r">2026-06-19</subfield>
    <subfield code="w">2026-06-19</subfield>
    <subfield code="y">BOOK</subfield>
  </datafield>
</record>
